Canvi de ruta (Record no. 104187)

MARC details
000 -LEADER
campo de control de longitud fija 00546nam a2200193 i 4500
001 - NÚMERO DE CONTROL
campo de control 104187
003 - IDENTIFICADOR DE NÚMERO DE CONTROL
campo de control ES-MaACL
005 - FECHA Y HORA DE LA ÚLTIMA TRANSACCIÓN
campo de control 20230906183533.0
007 - CAMPO FIJO DE DESCRIPCIÓN FÍSICA--INFORMACIÓN GENERAL
campo de control de longitud fija t|
008 - DATOS DE LONGITUD FIJA--INFORMACIÓN GENERAL
campo de control de longitud fija 051124s1953 sp ||||1| cat d
100 1# - ENTRADA PRINCIPAL--NOMBRE DE PERSONA
Nombre de persona Mialet, Pere.
9 (RLIN) 80848
245 10 - MENCIÓN DEL TÍTULO
Título Canvi de ruta
Resto del título : comedia en tres actes i en prosa /
Mención de responsabilidad, etc. Pere Mialet.
260 ## - PUBLICACIÓN, DISTRIBUCIÓN, ETC.
Lugar de publicación, distribución, etc. Valls (Tarragona) :
Nombre del editor, distribuidor, etc. Patual,
Fecha de publicación, distribución, etc. 1953.
300 ## - DESCRIPCIÓN FÍSICA
Extensión 68 p. ;
Dimensiones 21 cm.
490 1# - MENCIÓN DE SERIE
Mención de serie Llamas ;
Designación de volumen o secuencia 23
830 0# - PUNTO DE ACCESO ADICIONAL DE SERIE-TÍTULO UNIFORME
Título uniforme Llamas ;
Designación de volumen o secuencia 23
9 (RLIN) 232628
852 ## - LOCALIZACIÓN
Ubicación ES-MaACL
Número de control de estantería 1960-F-8
Sublocalización o colección R.35606
Holdings
Estatus retirado Estado de pérdida Estado de daño No para préstamo Colección Biblioteca de origen Biblioteca actual Ubicación en estantería Fecha de adquisición Fuente de adquisición Total de préstamos Signatura topográfica completa Código de barras Visto por última vez Precio de reemplazo Tipo de ítem Koha
        Colección de folletos Biblioteca del Ateneo de Madrid Biblioteca del Ateneo de Madrid Depósito folletos 17/01/2008     1960-F-8 1108779 23/02/2023 23/02/2023 Folleto